Contries from partial images - Statistics

General Stats
  • This quiz has been taken 21 times
    16 since last reset
  • The average score is 8 of 11
Answer Stats
Picture Answer % Correct
Canada
100%
United states of America
100%
Cuba
85%
Haiti
77%
Bahamas
69%
Cambodia
69%
Dominican republic
69%
Jamaica
69%
Laos
69%
Thailand
69%
Vietnam
69%
No matching quizzes found
Score Distribution
Percent of People with Each Score
Percentile by Number Answered
Your Score History
You have not taken this quiz since the last reset